000 00752nam0a22002651 4500
001 RU\NLR\INFOCOMM10\ROSSICA\1000005232
005 20250613190432.0
035 _a(NLR Aleph) 009910945
090 _a10617521
_c10617521
100 _a20030521d1862 |||y0rusy50 ca
101 0 _ager
102 _aRU
105 _ay ||||000ay
200 1 _aDie Urheimath der Russen in Europa und die wirkliche Localität und Bedeutung der Vorfälle in der Thidreksaga
_fA.W. Krahmer
210 _aMoskwa
_d1862
215 _d
700 1 _aKrahmer
_bA.W.
_4070
801 1 _aRU
_bInfoComm
_c20030521
801 0 _aRU
_bNLR
_gPSBO
852 _aNLR
_j13.13.1.88
852 _aNLR
_bВЭО
_jH3.2/4
942 _cBOOK
980 _aNB
980 _aRossica